000 00876nam a2200229 i 4500
001 bg
245 0 0 _aInformator o sytuacji społeczno-gospodarczej Gdańska styczeń - czerwiec 2004 =
_bInformation on social and economic situation of Gdańsk January-June 2004 /
_c[red. zespół Barbara Grabara et al.] ; Urząd Statystyczny w Gdańsku, Urząd Miejski w Gdańsku.
260 _aGdańsk :
_bUrząd Statystyczny :
_bUrząd Miejski,
_c2004.
300 _a105 s. :
_bgł. tabl. ;
_c24 cm.
490 1 _x1505-7186
500 _aTekst równol pol. i ang.
651 9 _aGdańsk
_y2004 r.
655 _aDane statystyczne
700 1 _aUrząd Statystyczny (Gdańsk),
700 1 _aUrząd Miejski (Gdańsk),
830 _x1505-7186
040 _cBPK
041 w _apoleng
080 _a311.3(438)"2001/..."(083.41)
942 _cKS
008 s pl f |000 0 pol
999 _c52296
_d52296
856 _uhttp://koha.tu.koszalin.pl/cgi-bin/koha/opac-detail.pl?biblionumber=52296
_yKatalog online BPK